ANGLER THE CHENEY VICE PRESIDENCY / (Record no. 615653)

000 -LEADER
fixed length control field 00340nam a22001337a 4500
020 ## - INTERNATIONAL STANDARD BOOK NUMBER
Qualifying information HB.
040 ## - CATALOGING SOURCE
Transcribing agency FIZZA
082 ## - DEWEY DECIMAL CLASSIFICATION NUMBER
Classification number 973.731092
Author Mark BAR
100 ## - MAIN ENTRY--PERSONAL NAME
Personal name GELLMAN,BARTON.
9 (RLIN) 132518
245 ## - TITLE STATEMENT
Title ANGLER THE CHENEY VICE PRESIDENCY /
Statement of responsibility, etc. BARTON,GELLMAN.
260 ## - PUBLICATION, DISTRIBUTION, ETC.
Place of publication, distribution, etc. NEW YORK;
Name of publisher, distributor, etc. PENGUIN PRESS,
Date of publication, distribution, etc. 2008.
300 ## - PHYSICAL DESCRIPTION
Extent 483 P. ;
942 ## - ADDED ENTRY ELEMENTS (KOHA)
Source of classification or shelving scheme
Koha item type Book
Holdings
Withdrawn status Lost status Source of classification or shelving scheme Damaged status Not for loan Permanent Location Current Location Shelving location Date acquired Total Checkouts Full call number Barcode Date last seen Price effective from Koha item type
          NUST Baluchistan Campus (NBC) NUST Baluchistan Campus (NBC) General Stacks 12/22/2025   973.731092 BAR QD-870 12/22/2025 12/22/2025 Book
© 2023 Central Library, National University of Sciences and Technology. All Rights Reserved.